| 000 | 01208nam a22002777a 4500 | ||
|---|---|---|---|
| 005 | 20150706172554.0 | ||
| 008 | 150706c2015 gw ||||| |||| 00| 0 ger d | ||
| 040 |
_aCO-BoIAVH _cCO-BoIAVH |
||
| 041 | _ager | ||
| 044 | _agx | ||
| 090 | _aAR | ||
| 100 | 1 |
_aGandl, Josef _935228 |
|
| 245 | 1 |
_aTrilobiten aus dem Unter-Karbon Des Katalonischen Kϋstengebirges _b(Ne-Spanien) |
|
| 260 | 1 |
_aAlemania: _b Mossbrugger, Volker, _c2015. |
|
| 300 | _aPp. 1-82 | ||
| 520 | _aEl presente trabajo se describen los trilobites de cuatro localidades distintas del Carbonífero inferior de las Cadenas Costeras Catalanas. Dos de ellas, Aiguafreda y Cánoves, están situadas al norte de Barcelona y en los flancos occidental y meridional de macizo del Montseny (Cadena Prelitoral). | ||
| 650 | 4 |
_aCadenas Costeras _zCataluña _935261 |
|
| 650 | 4 |
_aTrilobites _933873 |
|
| 650 | 4 |
_aBioestratigrafía _933872 |
|
| 650 | 4 |
_aCyrtosymbolainae _935230 |
|
| 700 | 1 |
_aFerrer, Enric _935232 |
|
| 700 | 1 |
_aMagrans, Josep _935233 |
|
| 700 | 1 |
_aSanz López, Javier _935234 |
|
| 773 | 0 |
_aSenckenberg Gesellschaft für Naturforschung _dAlemania: Mossbrugger, Volker, 2009-. _o039030 _tAbhandlungen _x18680356 |
|
| 942 |
_2z _cARTICULO |
||
| 999 |
_c17525 _d17525 |
||